LEADER 00922nab a2200157 i 4500 001 000000288873 003 CaOOAMICUS 005 20160419000000.0 008 160419n xx uu u0 0und r 013 $a43321 040 $aSeMil$bita 245 10$aFreedom and Coercion :$bKant's Legal and Political Philosophy : Special Issue. - Estratti dalla conferenza, Università di Vienna, Dipartimento di Filosofia, 28-30 novembre 2013. 500 $a2016/1. 700 1 $aUniversity of Vienna : Department of Philosophy : Conference «Freedom and Coercion. Kant's Legal and Political Philosophy» <2013>.$0(OLS)http://semarc/name/84611 773 0 $t2016.$dBerlin ; Boston : De Gruyter, copyr. 2016.$w()248909 996 $6245$aFreedom and Coercion :$bKant's Legal and Political Philosophy : Special Issue. - Estratti dalla conferenza, Università di Vienna, Dipartimento di Filosofia, 28-30 novembre 2013.$9(OLS)http://semarc/title/368418 LEADER 00872nam a2200205 i 4500 001 000000213931 003 CaOOAMICUS 005 20230421142500.0 008 120614s1741 ne u000 u fre u 026 $aeuns isus o-o- alto (3) 1741 (R) 040 $aSeMil$bita 100 1 $aAbbadie, Jacques,$d<1654-1727>.$0(OLS)http://semarc/name/4124 245 10$aTome 2. 300 $a[4], 435, [5] p. 500 $aSegn.: A-S12 T4 773 0 $aAbbadie, Jacques <1654-1727>$tTraité de la verité de la religion chrétienne. Où l'on établit la religion chrétienne par ses propres caractéres. Par Jacques Abbadie. Tome premier [-trosième].$dA La Haye : Chez Jean Neaulme, 1741.$g2$w()8183 850 $aSeMil 852 $aSeMil$W1$xVenegono$y1$m2A I 32 FA$j164359$B164359$CSeMilBibl$Z2$F175377 $8I 996 $6245$aTome 2$9(OLS)http://semarc/title/1533